Statistics for Word Scramble - Companies Quiz

Click here to take the quiz!

General Stats

  • This quiz has been taken 50,414 times
    (40,880 since last reset)
  • The average score is 16 of 28

Answer Stats

ScrambleCompany% Correct
ELPPAApple
94%
XFDEEFedEx
89%
OVOLVVolvo
86%
EROXXXerox
84%
MAADZMazda
77%
IGCUCGucci
77%
OHYAOYahoo
71%
EPSIPPepsi
71%
SELHLShell
71%
ANONCCanon
70%
NHIEZHeinz
66%
TRAFKKraft
65%
RAYEBBayer
63%
IZSUUIsuzu
63%
ONIKNNikon
61%
PARADPrada
59%
ASHPRSharp
49%
KNIAONokia
46%
RCEMKMerck
42%
HCCAOCoach
41%
COCISCisco
40%
TEALDDelta
39%
TARMKKmart
36%
NOHADHonda
35%
TEILNIntel
35%
SCETOTesco
34%
BOEADAdobe
25%
AIPRXPixar
22%

Score Distribution

Percentile by Number Answered

Percent of People with Each Score

Your Score History

You have not taken this quiz since the last reset